Gli inganni di Pandora : l'origine delle discriminazioni di genere nella Grecia antica /

Gespeichert in:
Bibliographische Detailangaben
1. Verfasser: Cantarella, Eva (Verfasst von)
Format: Buch
Sprache:Italienisch
Veröffentlicht: Milano : Feltrinelli, 2022
Schriftenreihe:Universale economica
Schlagworte:
Tags: Tag hinzufügen
Keine Tags, Fügen Sie das erste Tag hinzu!

MARC

LEADER 00000nam a22000007i 4500
001 IT\ICCU\URB\0957656
003 ItRI
005 20260315175545.0
008 220211s2022 it |||||| ||||| |||||c
020 |a 9788807896040 
040 |b ita  |c Centro di documentazione Omologie (CIG Arcigay Milano)  
041 7 |a ita  |2 ISO-639-2 
082 |a 305.4209  |2 23 
100 1 |a Cantarella, Eva  |0 IT\ICCU\CFIV\102722  |4 aut 
240 1 4 |a Gli inganni di Pandora.  |9 Cantarella, Eva 
245 1 4 |a Gli inganni di Pandora :  |b l'origine delle discriminazioni di genere nella Grecia antica /  |c Eva Cantarella. 
260 |a Milano :  |b Feltrinelli,  |c 2022 
300 |a 85 p. ;  |c 20 cm 
650 7 |a Antichità  |x Ruolo [delle] Donne  |2 nsbncf 
830 0 |a Universale economica  |0 IT\ICCU\CFI\0001103 
942 |2 ddc  |c BK  |n 0 
952 |0 0  |1 0  |2 ddc  |4 0  |6 305_420000000000000_CAN_ING  |7 0  |9 33288  |a MI  |b MI  |d 2026-03-15  |l 0  |o 305.42 CAN ING  |p 11814  |r 2026-03-15 17:58:51  |w 2026-03-15  |y BK 
981 1 |6 z01  |a i   |b xxxe  
982 1 |6 z01  |a n 
999 |c 28916  |d 28916